000 00572cam a2200217 a 4500
001 444133
005 20180308044957.0
008 820916s1983 nyuaf b 001 0 eng
010 _a 82018218
020 _a0444007164
040 _aDLC
_cDLC
_dDLC
041 _aeng
080 _a611.018 LEO
082 0 0 _a611.018 LEO
_219
100 _a9
101 _aHIS
245 0 0 _aHistology :
_cedited by Leon Weiss.
504 _aIncludes bibliographies and index.
906 _a7
_bcbc
_corignew
_d1
_eocip
_f19
_gy-gencatlg
942 _2ddc
_cBK
999 _c44428
_d44428